[Event "24. European Club Cup 2008"]
[Site "Kallithea GRE"]
[Date "2008.10.18"]
[Round "2.26"]
[White "Levacic, Adrien"]
[Black "Galopoulos, Panagiotis"]
[Result "0-1"]
[WhiteElo "1891"]
[BlackElo "2178"]
[PlyCount "72"]
[EventDate "2008.10.17"]
[EventType "team-swiss"]
[EventRounds "7"]
[EventCountry "GRE"]
[Source "lmi"]
[SourceDate "2008.10.17"]
[WhiteTeam "Monaco"]
[BlackTeam "Galaxias Thessaloniki"]
[WhiteTeamCountry "MNC"]

1. Nf3 Nf6 2. g3 d5 3. Bg2 Bf5 4. d3 c6 5. O-O Nbd7 6. Nbd2 e5 7. Qe1 Bb4 8. a3
Ba5 9. b4 Bb6 10. e4 dxe4 11. dxe4 Be6 12. Bb2 Qc7 13. Ng5 Bg4 14. Nc4 O-O 15.
Nxb6 axb6 16. f4 h6 17. Nf3 exf4 18. e5 Nd5 19. Qe4 Ne3 20. Rfe1 Nxg2 21. Kxg2
Bxf3+ 22. Qxf3 fxg3 23. Qg4 f5 24. Qxg3 f4 25. Qg6 Rae8 26. Rg1 Nxe5 27. Bxe5
Qxe5 28. Rae1 Qd5+ 29. Kh3 Qf3+ 30. Kh4 Qf2+ 31. Kh3 Re3+ 32. Rxe3 Qxe3+ 33.
Kh4 Qe7+ 34. Kh3 Rf6 35. Qh5 Qe3+ 36. Kh4 Qxg1 0-1

[Event "24. European Club Cup 2008"]
[Site "Kallithea GRE"]
[Date "2008.10.18"]
[Round "2.26"]
[White "Karagiannis, Athanasios"]
[Black "Rapaire, Jean-Michel"]
[Result "1-0"]
[WhiteElo "2341"]
[BlackElo "1956"]
[PlyCount "69"]
[EventDate "2008.10.17"]
[EventType "team-swiss"]
[EventRounds "7"]
[EventCountry "GRE"]
[Source "lmi"]
[SourceDate "2008.10.17"]
[WhiteTeam "Galaxias Thessaloniki"]
[BlackTeam "Monaco"]
[BlackTeamCountry "MNC"]

1. b3 e5 2. Bb2 d6 3. e3 Nf6 4. d4 exd4 5. exd4 d5 6. Nf3 Bd6 7. Bd3 Bg4 8. O-O
Bxf3 9. Qxf3 O-O 10. c4 c6 11. Nc3 a5 12. Rad1 Na6 13. Qh3 Nc7 14. c5 Bf4 15.
Na4 Ne6 16. Nb6 Ra7 17. Rfe1 Re8 18. Bf5 Nf8 19. Bc1 Rxe1+ 20. Rxe1 Bxc1 21.
Rxc1 Ra6 22. Re1 Rxb6 23. cxb6 Qxb6 24. Qc3 g6 25. Bh3 Ne4 26. Qe3 f5 27. f3
Nd6 28. g4 Nb5 29. Rd1 fxg4 30. Bxg4 Qc7 31. Re1 Nd6 32. Qg5 Nf7 33. Qf6 Qd6
34. Be6 Nxe6 35. Rxe6 1-0

[Event "24. European Club Cup 2008"]
[Site "Kallithea GRE"]
[Date "2008.10.18"]
[Round "2.28"]
[White "Abeln, Michiel"]
[Black "Makoli, Perparim"]
[Result "0-1"]
[WhiteElo "2329"]
[BlackElo "2215"]
[PlyCount "98"]
[EventDate "2008.10.17"]
[EventType "team-swiss"]
[EventRounds "7"]
[EventCountry "GRE"]
[Source "lmi"]
[SourceDate "2008.10.17"]
[WhiteTeam "Calder"]
[BlackTeam "Istog"]

1. d4 d5 2. c4 c6 3. Nc3 e6 4. e3 f5 5. g4 Nf6 6. gxf5 exf5 7. Nh3 Na6 8. Nf4
Bd6 9. Qf3 Bxf4 10. Qxf4 O-O 11. Bd2 Be6 12. c5 Nh5 13. Qf3 g6 14. Rg1 Kh8 15.
Be2 Qh4 16. O-O-O Rae8 17. Qg2 Nf6 18. f3 f4 19. e4 Nc7 20. e5 Nh5 21. Be1 Qe7
22. Bf2 Bf5 23. Qf1 Ne6 24. Qe1 b6 25. cxb6 axb6 26. Bh4 Qb4 27. Qd2 Ra8 28.
Bf2 Rf7 29. Bd3 Nhg7 30. a3 Qe7 31. h4 Bxd3 32. Qxd3 Nf5 33. Ne2 b5 34. Qd2
Nxh4 35. Bxh4 Qxh4 36. Rdf1 Qe7 37. Qd3 b4 38. axb4 Qxb4 39. Qc3 Qb5 40. Rf2
Ra4 41. Kb1 Rfa7 42. Rc1 Qa6 43. Qd2 Ra1+ 44. Kc2 Qa4+ 45. Kd3 Qb5+ 46. Kc2
Qa4+ 47. Kd3 c5 48. Qc3 Rxc1 49. Qxc1 Qb3+ 0-1

[Event "24. European Club Cup 2008"]
[Site "Kallithea GRE"]
[Date "2008.10.18"]
[Round "2.28"]
[White "Salihu, Sami"]
[Black "Broekmeulen, Jasper"]
[Result "0-1"]
[WhiteElo "2216"]
[BlackElo "2325"]
[PlyCount "130"]
[EventDate "2008.10.17"]
[EventType "team-swiss"]
[EventRounds "7"]
[EventCountry "GRE"]
[Source "lmi"]
[SourceDate "2008.10.17"]
[WhiteTeam "Istog"]
[BlackTeam "Calder"]

1. e4 c5 2. Nf3 Nc6 3. c4 e5 4. Nc3 d6 5. d3 g6 6. Nd5 Bg7 7. Bg5 f6 8. Bd2
Nge7 9. b4 Nxd5 10. cxd5 Nxb4 11. Bxb4 cxb4 12. Qa4+ Bd7 13. Qxb4 Qb6 14. Qxb6
axb6 15. Be2 Ke7 16. Nd2 Rhc8 17. Nc4 Ra6 18. Bd1 Bh6 19. Bb3 f5 20. exf5 gxf5
21. Ne3 b5 22. h3 f4 23. Ng4 Bg7 24. Kd2 h5 25. Nh2 e4 26. Rac1 Rxc1 27. Rxc1
f3 28. Rg1 Bh6+ 29. Kc3 fxg2 30. Rxg2 exd3 31. Kxd3 Bxh3 32. Rg8 Bf5+ 33. Ke2
Bb1 34. Rb8 Ra7 35. Rh8 Bg7 36. Rxh5 Bxa2 37. Rh3 b4 38. Re3+ Kd7 39. Ng4 Bc3
40. Bxa2 Rxa2+ 41. Kd3 Rd2+ 42. Ke4 Rd4+ 43. Kf5 Rxd5+ 44. Kg6 Rc5 45. Nf6+
Bxf6 46. Kxf6 Rc3 47. Re7+ Kc6 48. f4 b3 49. Re1 b2 50. Rb1 Rc2 51. f5 Kc5 52.
Ke6 Kb4 53. f6 Kb3 54. Rf1 Ka2 55. f7 Rc8 56. f8=Q Rxf8 57. Rxf8 b1=Q 58. Ra8+
Kb3 59. Kxd6 b5 60. Kc5 Qf5+ 61. Kb6 Qe6+ 62. Ka5 b4 63. Ra7 Qd5+ 64. Ka6 Qc6+
65. Ka5 Kc4 0-1

[Event "24. European Club Cup 2008"]
[Site "Kallithea GRE"]
[Date "2008.10.18"]
[Round "2.29"]
[White "Lagerman, Robert"]
[Black "Henrichs, Thomas"]
[Result "0-1"]
[WhiteElo "2363"]
[BlackElo "2485"]
[PlyCount "62"]
[EventDate "2008.10.17"]
[EventType "team-swiss"]
[EventRounds "7"]
[EventCountry "GRE"]
[Source "lmi"]
[SourceDate "2008.10.17"]
[WhiteTeam "Hellir"]
[BlackTeam "Differdange"]

1. e4 c5 2. Nf3 d6 3. d4 cxd4 4. Nxd4 Nf6 5. Nc3 g6 6. Be2 Bg7 7. O-O Nc6 8.
Nb3 O-O 9. Be3 Be6 10. f4 Rc8 11. Bf3 Na5 12. e5 Ne8 13. Nxa5 Qxa5 14. Bxb7 Rb8
15. Bd5 Rxb2 16. Bxe6 fxe6 17. Qd3 dxe5 18. fxe5 Rxf1+ 19. Rxf1 Qxe5 20. Ne4
Qd5 21. Bxa7 Rxa2 22. Be3 Nd6 23. Nc5 Nf5 24. Bf2 h5 25. c4 Qc6 26. Ne4 Ra4 27.
Rc1 Bh6 28. Nd2 Ra2 29. Be1 Be3+ 30. Kh1 h4 31. Rb1 h3 0-1

[Event "24. European Club Cup 2008"]
[Site "Kallithea GRE"]
[Date "2008.10.18"]
[Round "2.29"]
[White "Bakalarz, Mietek"]
[Black "Johannesson, Ingvar Thor"]
[Result "1-0"]
[WhiteElo "2330"]
[BlackElo "2355"]
[PlyCount "81"]
[EventDate "2008.10.17"]
[EventType "team-swiss"]
[EventRounds "7"]
[EventCountry "GRE"]
[Source "lmi"]
[SourceDate "2008.10.17"]
[WhiteTeam "Differdange"]
[BlackTeam "Hellir"]

1. d4 Nf6 2. Bf4 g6 3. c4 Bg7 4. Nc3 O-O 5. e3 d6 6. Nf3 Nbd7 7. h3 b6 8. Qc2
Bb7 9. Rd1 a6 10. Be2 c5 11. d5 b5 12. e4 Qa5 13. Nd2 b4 14. Nb3 Qc7 15. Na4
Ne8 16. O-O e5 17. dxe6 fxe6 18. Bg3 Qc6 19. Na5 Qxe4 20. Qxe4 Bxe4 21. Bxd6
Nxd6 22. Rxd6 Ra7 23. Bg4 Bf5 24. Nc6 Rc7 25. Re1 Bxg4 26. hxg4 Rxc6 27. Rxc6
Bd4 28. Re2 Ne5 29. Rxe6 Nxg4 30. Re8 Bxf2+ 31. Kh1 Rxe8 32. Rxe8+ Kf7 33. Rc8
Bd4 34. Rc7+ Kf6 35. g3 Nf2+ 36. Kg2 Nd3 37. Rxh7 Ne5 38. b3 Nd3 39. Kf3 Kf5
40. Rf7+ Kg5 41. Ra7 1-0

[Event "24. European Club Cup 2008"]
[Site "Kallithea GRE"]
[Date "2008.10.18"]
[Round "2.29"]
[White "Jeitz, Christian"]
[Black "Gretarsson, Hjorvar Steinn"]
[Result "1-0"]
[WhiteElo "2251"]
[BlackElo "2284"]
[PlyCount "119"]
[EventDate "2008.10.17"]
[EventType "team-swiss"]
[EventRounds "7"]
[EventCountry "GRE"]
[Source "lmi"]
[SourceDate "2008.10.17"]
[WhiteTeam "Differdange"]
[BlackTeam "Hellir"]

1. e4 c5 2. Nf3 e6 3. g3 Nc6 4. Bg2 Nf6 5. d3 d5 6. Qe2 Be7 7. O-O b6 8. Nbd2
Bb7 9. c3 a5 10. e5 Nd7 11. Re1 Qc7 12. Nf1 O-O-O 13. d4 Rhe8 14. Be3 Kb8 15.
a3 c4 16. a4 f6 17. exf6 gxf6 18. Bf4 Bd6 19. Bxd6 Qxd6 20. b3 cxb3 21. Qb2 Rc8
22. Qxb3 Rc7 23. Ne3 Rec8 24. Rec1 f5 25. Qa3 Qxa3 26. Rxa3 Nf6 27. Rb1 Ka7 28.
Rab3 Ne4 29. Nd1 Ba6 30. Bf1 Rb7 31. Bxa6 Kxa6 32. R1b2 Rcb8 33. Ne1 e5 34. f3
Nf6 35. dxe5 Nxe5 36. Ne3 Nc4 37. Nxc4 dxc4 38. Rb5 Nd7 39. Rxf5 Nc5 40. Ra2
Re8 41. Kf2 Rd7 42. g4 Rd1 43. Re2 Rxe2+ 44. Kxe2 Rd7 45. Re5 Nxa4 46. Re3 Rf7
47. Nc2 Nc5 48. Na3 b5 49. Re8 Kb6 50. h4 Rc7 51. g5 b4 52. cxb4 axb4 53. Nxc4+
Kb5 54. Nb2 Nd7 55. Re7 b3 56. Ke3 Kb4 57. h5 Rc3+ 58. Nd3+ Rxd3+ 59. Kxd3 Nc5+
60. Kd2 1-0

[Event "24. European Club Cup 2008"]
[Site "Kallithea GRE"]
[Date "2008.10.18"]
[Round "2.29"]
[White "Salama, Omar"]
[Black "Gengler, Pierre"]
[Result "1-0"]
[WhiteElo "2258"]
[BlackElo "2200"]
[PlyCount "75"]
[EventDate "2008.10.17"]
[EventType "team-swiss"]
[EventRounds "7"]
[EventCountry "GRE"]
[Source "lmi"]
[SourceDate "2008.10.17"]
[WhiteTeam "Hellir"]
[BlackTeam "Differdange"]

1. d4 d5 2. c4 e6 3. Nc3 Nf6 4. cxd5 exd5 5. Bg5 Be7 6. e3 O-O 7. Bd3 c6 8. Qc2
Nbd7 9. Nf3 Re8 10. h3 Nf8 11. Bf4 c5 12. dxc5 Ne6 13. Bh2 d4 14. exd4 Nxd4 15.
Nxd4 Qxd4 16. O-O Qxc5 17. Nb5 Rd8 18. Nc7 Rb8 19. Na6 bxa6 20. Bxb8 Bb7 21.
Qxc5 Bxc5 22. Rac1 Bb6 23. Bc7 Rxd3 24. Bxb6 axb6 25. Rc7 Rd7 26. Rfc1 h6 27.
Rxd7 Nxd7 28. Rc7 Nc5 29. b4 Nd3 30. Rxb7 Nxb4 31. a3 Nd5 32. Rb8+ Kh7 33. Rd8
Nc3 34. Rd6 Na4 35. Kf1 a5 36. Ke1 b5 37. Ra6 b4 38. axb4 1-0

[Event "24. European Club Cup 2008"]
[Site "Kallithea GRE"]
[Date "2008.10.18"]
[Round "2.29"]
[White "Mauquoi, Rudi"]
[Black "Edvardsson, Kristjan"]
[Result "0-1"]
[WhiteElo "2032"]
[BlackElo "2245"]
[PlyCount "62"]
[EventDate "2008.10.17"]
[EventType "team-swiss"]
[EventRounds "7"]
[EventCountry "GRE"]
[Source "lmi"]
[SourceDate "2008.10.17"]
[WhiteTeam "Differdange"]
[BlackTeam "Hellir"]

1. e4 c5 2. Nc3 Nc6 3. g3 g6 4. Bg2 Bg7 5. d3 Nh6 6. Bg5 f6 7. Bd2 d6 8. Qc1
Nf7 9. Nf3 Bd7 10. O-O Qc8 11. Nd5 O-O 12. h4 Bh3 13. Kh2 Bxg2 14. Kxg2 b5 15.
Rh1 Rb8 16. Nh2 b4 17. f4 f5 18. h5 e6 19. hxg6 hxg6 20. Ne3 Qb7 21. exf5 Nd4+
22. Kf2 exf5 23. Qf1 Rfe8 24. Qh3 Rxe3 25. Bxe3 Nxc2 26. Nf3 Nh6 27. Ne5 dxe5
28. fxe5 Ng4+ 29. Ke2 Ncxe3 30. Qh7+ Kf8 31. Rag1 Nxe5 0-1

[Event "24. European Club Cup 2008"]
[Site "Kallithea GRE"]
[Date "2008.10.18"]
[Round "2.30"]
[White "Hansen, Torbjorn Ringdal"]
[Black "Upton, Timothy J"]
[Result "1-0"]
[WhiteElo "2436"]
[BlackElo "2255"]
[PlyCount "64"]
[EventDate "2008.10.17"]
[EventType "team-swiss"]
[EventRounds "7"]
[EventCountry "GRE"]
[Source "lmi"]
[SourceDate "2008.10.17"]
[WhiteTeam "av 1911"]
[BlackTeam "Bonnevoie"]

1. e4 e5 2. Nf3 Nc6 3. Bb5 a6 4. Ba4 d6 5. c3 f5 6. exf5 Bxf5 7. O-O Bd3 8. Qb3
Rb8 9. Re1 e4 10. Ng5 d5 11. Ne6 Qd6 12. Qxd5 Nf6 13. Qxd6 Bxd6 14. Nxg7+ Kd7
15. Nf5 Bc5 16. b4 Ba7 17. Na3 Rhg8 18. b5 Ke6 19. Nh6 Rg6 20. Bb3+ Ke5 21.
Nf7+ Kf5 22. bxc6 Ng4 23. Re3 bxc6 24. Nc4 Kf6 25. Nb2 Nxe3 26. fxe3 Rbg8 27.
Ng5 R8g7 28. Nxd3 exd3 29. h4 h6 30. Bb2 hxg5 31. h5 Rh6 32. c4+ Ke7 1-0

[Event "24. European Club Cup 2008"]
[Site "Kallithea GRE"]
[Date "2008.10.18"]
[Round "2.30"]
[White "Ocantos, Manuel"]
[Black "Sousa, Helsio Paulo"]
[Result "0-1"]
[WhiteElo "2136"]
[BlackElo "2229"]
[PlyCount "130"]
[EventDate "2008.10.17"]
[EventType "team-swiss"]
[EventRounds "7"]
[EventCountry "GRE"]
[Source "lmi"]
[SourceDate "2008.10.17"]
[WhiteTeam "Bonnevoie"]
[BlackTeam "av 1911"]

1. c4 Nf6 2. Nf3 g6 3. g3 Bg7 4. Bg2 d6 5. O-O O-O 6. Nc3 Nbd7 7. d3 e5 8. Rb1
a5 9. a3 h6 10. b4 axb4 11. axb4 Nh5 12. Bb2 f5 13. Ra1 Rxa1 14. Qxa1 Ndf6 15.
Nd2 c6 16. b5 d5 17. cxd5 cxd5 18. Qa2 Be6 19. e4 Bf7 20. exd5 f4 21. Re1 fxg3
22. hxg3 Nxg3 23. fxg3 Qb6+ 24. Kh1 Qf2 25. Nf3 Rc8 26. Rf1 Qxg3 27. Qb3 Qg4
28. Kg1 Nh5 29. Ne2 Rc5 30. d4 Bxd5 31. Qa3 Rc2 32. Rf2 Bxf3 33. Qb3+ Kh7 34.
Qxc2 e4 35. d5 Bf8 36. Qc7+ Kg8 37. Qc4 e3 38. Qxg4 exf2+ 39. Kxf2 Bxg4 40. Be5
Bc5+ 41. Kf1 Bd7 42. d6 b6 43. Bc6 Bh3+ 44. Ke1 Kf7 45. d7 Ke7 46. Nf4 Bxd7 47.
Nxh5 Bxc6 48. bxc6 gxh5 49. Kf1 b5 50. Kg2 h4 51. Kh3 Bf2 52. Kg4 Bg3 53. Bg7
h5+ 54. Kh3 Kd6 55. Bf6 Kxc6 56. Bg7 Kd5 57. Kg2 b4 58. Bf8 Bd6 59. Bg7 Ke4 60.
Bf6 Be5 61. Be7 b3 62. Ba3 Kd3 63. Kh3 Bf6 64. Bc1 Kc2 65. Ba3 Be7 0-1

[Event "24. European Club Cup 2008"]
[Site "Kallithea GRE"]
[Date "2008.10.18"]
[Round "2.31"]
[White "Ajvazi, Ramadan"]
[Black "Macak, Stefan"]
[Result "1/2-1/2"]
[WhiteElo "2225"]
[BlackElo "2546"]
[PlyCount "50"]
[EventDate "2008.10.17"]
[EventType "team-swiss"]
[EventRounds "7"]
[EventCountry "GRE"]
[Source "lmi"]
[SourceDate "2008.10.17"]
[WhiteTeam "Llamkos"]
[BlackTeam "Kosice"]

1. Nf3 Nf6 2. c4 c5 3. g3 d5 4. Bg2 Nc6 5. O-O e5 6. cxd5 Nxd5 7. d3 Be7 8. Nc3
Nc7 9. Be3 Be6 10. Rc1 O-O 11. Qa4 Rb8 12. Ne4 b5 13. Qd1 c4 14. dxc4 bxc4 15.
Qa4 Rb4 16. Qxc6 Bd5 17. Nxe5 Bxc6 18. Nxc6 Qd7 19. Nxe7+ Kh8 20. Rfd1 Qe6 21.
Bc5 Rbb8 22. Nc3 Rfe8 23. Ncd5 Na6 24. Ba3 Red8 25. Rd4 Rbc8 1/2-1/2

[Event "24. European Club Cup 2008"]
[Site "Kallithea GRE"]
[Date "2008.10.18"]
[Round "2.31"]
[White "Molnar, Peter"]
[Black "Sahitaj, Naim"]
[Result "1-0"]
[WhiteElo "2297"]
[BlackElo "2221"]
[PlyCount "153"]
[EventDate "2008.10.17"]
[EventType "team-swiss"]
[EventRounds "7"]
[EventCountry "GRE"]
[Source "lmi"]
[SourceDate "2008.10.17"]
[WhiteTeam "Kosice"]
[BlackTeam "Llamkos"]

1. d4 Nf6 2. c4 b6 3. Nc3 Bb7 4. Nf3 e6 5. Bg5 h6 6. Bh4 g5 7. Bg3 Nh5 8. e3
Nxg3 9. hxg3 d6 10. d5 e5 11. g4 Bc8 12. Nd2 Nd7 13. Nde4 Bg7 14. Bd3 Qe7 15.
Ng3 e4 16. Ncxe4 Bxb2 17. Rb1 Bg7 18. Nf5 Qf8 19. Qa4 Kd8 20. Be2 Be5 21. Bd3
Nb8 22. Rh5 Bd7 23. Qc2 Bxf5 24. gxf5 Nd7 25. Ke2 Nf6 26. Nxf6 Bxf6 27. Rbh1
Bg7 28. g3 Qe7 29. Kf3 Qf6 30. Kg2 Re8 31. Rb1 Ke7 32. Rb3 Kf8 33. Rh1 a5 34.
a4 Re5 35. Rbb1 Rae8 36. Rbe1 R5e7 37. Rb1 Rd7 38. Rb5 Ke7 39. Rb3 Rh8 40. Rh5
Kd8 41. Rb1 Re7 42. Qb3 Rhe8 43. Rd1 Re5 44. Qb5 Rxe3 45. Rhh1 R3e5 46. Qc6 h5
47. c5 Ke7 48. Bb5 Kf8 49. Qxc7 Rd8 50. cxb6 Rxf5 51. Rd2 Qe7 52. Re2 Re5 53.
Qxe7+ Kxe7 54. Rxe5+ dxe5 55. b7 Rb8 56. Bc6 h4 57. gxh4 gxh4 58. Rxh4 Bf8 59.
Kf3 f5 60. Rh7+ Kf6 61. Rd7 e4+ 62. Ke2 Ke5 63. Rh7 Kf6 64. f3 exf3+ 65. Kxf3
Ke5 66. Rh1 Bb4 67. Rh6 Rf8 68. Re6+ Kd4 69. Be8 Bd6 70. Rxd6 Rxe8 71. Rb6 Rb8
72. Rb5 Ke5 73. Ke3 f4+ 74. Kf3 Kf5 75. Rb6 Ke5 76. d6 Ke6 77. Kxf4 1-0

[Event "24. European Club Cup 2008"]
[Site "Kallithea GRE"]
[Date "2008.10.18"]
[Round "2.32"]
[White "Karkanaqe, Ilir"]
[Black "Pilgaard, Kim"]
[Result "1/2-1/2"]
[WhiteElo "2383"]
[BlackElo "2438"]
[PlyCount "198"]
[EventDate "2008.10.17"]
[EventType "team-swiss"]
[EventRounds "7"]
[EventCountry "GRE"]
[Source "lmi"]
[SourceDate "2008.10.17"]
[WhiteTeam "Butrinti"]
[BlackTeam "Bronshoj"]

1. Nf3 Nf6 2. c4 e6 3. g3 b6 4. Bg2 Bb7 5. O-O Be7 6. Nc3 O-O 7. d4 Na6 8. Qa4
Qc8 9. Rd1 Ne4 10. Bd2 d6 11. d5 Nac5 12. Qc2 Nxd2 13. Rxd2 Bf6 14. Nd4 e5 15.
Nc6 a5 16. h4 Qd7 17. Ne4 Nxe4 18. Bxe4 g6 19. Bg2 Bg7 20. e4 Bh6 21. Rdd1 Bxc6
22. dxc6 Qxc6 23. a4 Rae8 24. Ra3 Kh8 25. h5 Qd7 26. hxg6 hxg6 27. Kh2 Kg7 28.
Bh3 Qe7 29. Re1 Rh8 30. Kg2 Rd8 31. Qe2 Qg5 32. Qg4 Qd2 33. Qe2 Qb4 34. Rd1 Qc5
35. Rf3 Bg5 36. Qd3 Qc6 37. Qd5 Qe8 38. Qb5 Qe7 39. Qc6 Rh6 40. Bg4 Rdh8 41.
Qd7 Rh2+ 42. Kf1 Qxd7 43. Bxd7 Bc1 44. Rb3 Rh1+ 45. Ke2 R8h2 46. Rxh1 Rxh1 47.
Bg4 Kh6 48. Bf3 Rg1 49. Rd3 Bxb2 50. Rd1 Rxd1 51. Kxd1 Bd4 52. Ke1 Kg5 53. Be2
Kf6 54. Bg4 Ke7 55. Bh3 c6 56. Bf1 Ke6 57. f3 f5 58. Bd3 Bc5 59. Ke2 Kf6 60.
Kf1 fxe4 61. fxe4 Kg5 62. Kg2 Kf6 63. Kf3 Ke6 64. Ke2 Kd7 65. Kf3 Kc7 66. Ke2
g5 67. Kf3 Bd4 68. g4 Kd7 69. Ke2 Ke6 70. Bc2 Kd7 71. Bd3 d5 72. cxd5 cxd5 73.
Kf3 Kd6 74. Bb5 Kc5 75. Be8 Bg1 76. Kg2 Be3 77. Kf3 Bf4 78. Bb5 Kd4 79. exd5
e4+ 80. Ke2 Kxd5 81. Bd7 Ke5 82. Kf2 Bd2 83. Ke2 Bb4 84. Bc6 Kf4 85. Bd7 Bc5
86. Bc6 Kxg4 87. Bxe4 b5 88. axb5 a4 89. Kd3 Kf4 90. Bh1 Ke5 91. Kc3 Kd6 92. b6
g4 93. b7 Kc7 94. Kb2 Bd6 95. Ka2 Kb6 96. Bg2 Kb5 97. Bh1 g3 98. Bg2 Kc4 99.
Bh1 Kb4 1/2-1/2

[Event "24. European Club Cup 2008"]
[Site "Kallithea GRE"]
[Date "2008.10.18"]
[Round "2.32"]
[White "Mehmeti, Dritan"]
[Black "Petersen, Steen"]
[Result "1-0"]
[WhiteElo "2403"]
[BlackElo "2164"]
[PlyCount "95"]
[EventDate "2008.10.17"]
[EventType "team-swiss"]
[EventRounds "7"]
[EventCountry "GRE"]
[Source "lmi"]
[SourceDate "2008.10.17"]
[WhiteTeam "Butrinti"]
[BlackTeam "Bronshoj"]

1. d4 d5 2. Bg5 h6 3. Bh4 c6 4. Nf3 Qb6 5. Qc1 g5 6. Bg3 g4 7. Ne5 Qxd4 8. c4
Nd7 9. e3 Qb6 10. cxd5 Bg7 11. Nd3 cxd5 12. Nc3 Ngf6 13. Be2 O-O 14. O-O a6 15.
Rd1 e5 16. Nxe5 Nxe5 17. Bxe5 Be6 18. Bd4 Qb4 19. Qd2 Rac8 20. Rac1 h5 21. Ne4
Qxd2 22. Nxd2 Ne4 23. Nb3 Nd6 24. Nc5 Bxd4 25. exd4 Nf5 26. Rc3 Rc6 27. h3 Rfc8
28. hxg4 hxg4 29. Bxg4 Nxd4 30. Nxe6 Nxe6 31. Rg3 Kf8 32. Rxd5 Rc1+ 33. Kh2
R8c2 34. Rf3 Ke7 35. Rdf5 Nd8 36. Bh5 f6 37. Rxf6 Rxb2 38. Rf8 Rd2 39. Re8+ Kd7
40. Rff8 Kc7 41. Re7+ Kc6 42. f4 Rcc2 43. Bf3+ Kd6 44. Rg7 Nc6 45. Rf6+ Kc5 46.
Rf5+ Kd6 47. Rxb7 Rxa2 48. Rf6+ 1-0

[Event "24. European Club Cup 2008"]
[Site "Kallithea GRE"]
[Date "2008.10.19"]
[Round "3.1"]
[White "Shirov, Alexei"]
[Black "Fercec, Nenad"]
[Result "1-0"]
[WhiteElo "2726"]
[BlackElo "2481"]
[PlyCount "45"]
[EventDate "2008.10.17"]
[EventType "team-swiss"]
[EventRounds "7"]
[EventCountry "GRE"]
[Source "lmi"]
[SourceDate "2008.10.17"]
[WhiteTeam "URAL"]
[BlackTeam "Brijeg"]

1. e4 c5 2. Nf3 d6 3. d4 cxd4 4. Nxd4 Nf6 5. Nc3 a6 6. Bg5 e6 7. f4 Nbd7 8. Qe2
Qc7 9. O-O-O Be7 10. g4 O-O 11. Bg2 Nb6 12. h4 Nc4 13. Rh3 Kh8 14. b3 Na5 15.
e5 dxe5 16. fxe5 Ba3+ 17. Kb1 Nd7 18. h5 h6 19. Bf4 Be7 20. Ne4 Nxe5 21. g5 f6
22. gxh6 gxh6 23. Rg3 1-0

[Event "24. European Club Cup 2008"]
[Site "Kallithea GRE"]
[Date "2008.10.19"]
[Round "3.5"]
[White "Dizdar, Goran"]
[Black "Kobalia, Mikhail"]
[Result "1-0"]
[WhiteElo "2551"]
[BlackElo "2630"]
[PlyCount "87"]
[EventDate "2008.10.17"]
[EventType "team-swiss"]
[EventRounds "7"]
[EventCountry "GRE"]
[Source "lmi"]
[SourceDate "2008.10.17"]
[WhiteTeam "Zagreb"]
[BlackTeam "TPS"]

1. d4 d5 2. c4 c6 3. Nf3 Nf6 4. e3 e6 5. Bd3 dxc4 6. Bxc4 Nbd7 7. O-O Bd6 8.
Nbd2 O-O 9. b3 e5 10. Bb2 Qc7 11. h3 exd4 12. Nxd4 Ne5 13. Be2 Re8 14. Qc2 Bf8
15. Rad1 a6 16. N4f3 Nxf3+ 17. Bxf3 Nd7 18. Be4 h6 19. Bh7+ Kh8 20. Nf3 Nb6 21.
Rd4 Be7 22. Rf4 Be6 23. Bf5 Bf8 24. Rh4 f6 25. Ng5 Bg8 26. Bg6 Re7 27. Rh5 Nd7
28. Nf3 Rd8 29. Rd1 Ne5 30. Nxe5 Rxd1+ 31. Qxd1 fxe5 32. Qf3 Qd6 33. Qxf8 Qxg6
34. Qxe7 Qxh5 35. Qxb7 Qd1+ 36. Kh2 Qd6 37. f4 Qg6 38. Bxe5 Bd5 39. g4 h5 40.
Kg3 Kh7 41. Qe7 hxg4 42. hxg4 Be6 43. g5 Bf7 44. e4 1-0

[Event "24. European Club Cup 2008"]
[Site "Kallithea GRE"]
[Date "2008.10.19"]
[Round "3.6"]
[White "Babula, Vlastimil"]
[Black "Cheparinov, Ivan"]
[Result "1/2-1/2"]
[WhiteElo "2608"]
[BlackElo "2696"]
[PlyCount "74"]
[EventDate "2008.10.17"]
[EventType "team-swiss"]
[EventRounds "7"]
[EventCountry "GRE"]
[Source "lmi"]
[SourceDate "2008.10.17"]
[WhiteTeam "Bremen"]
[BlackTeam "Linex"]

1. d4 Nf6 2. c4 g6 3. Nc3 d5 4. Nf3 Bg7 5. Qb3 dxc4 6. Qxc4 O-O 7. e4 Bg4 8.
Be3 Nfd7 9. Qb3 c5 10. d5 Na6 11. Be2 Qb6 12. Qc2 Nb4 13. Qd1 f5 14. exf5 Bxf5
15. Rc1 Bxc3+ 16. Rxc3 Nxa2 17. Rb3 Nb4 18. O-O Qd6 19. Qd2 Be4 20. Bxc5 Nxc5
21. Rxb4 Rf5 22. Qe3 Bxf3 23. Bxf3 Re5 24. Qc3 Rf8 25. Rc4 Nd7 26. Rc8 Nb6 27.
Rxf8+ Kxf8 28. Rd1 Kf7 29. h4 h5 30. Qb3 Kg7 31. g3 Rf5 32. Kg2 Qf6 33. Re1 Re5
34. Rc1 Qd6 35. Rd1 Qf6 36. Rc1 Qd6 37. Rd1 Qf6 1/2-1/2

[Event "24. European Club Cup 2008"]
[Site "Kallithea GRE"]
[Date "2008.10.19"]
[Round "3.6"]
[White "Meins, Gerlef"]
[Black "Perez Candelario, Manuel"]
[Result "1/2-1/2"]
[WhiteElo "2460"]
[BlackElo "2520"]
[PlyCount "52"]
[EventDate "2008.10.17"]
[EventType "team-swiss"]
[EventRounds "7"]
[EventCountry "GRE"]
[Source "lmi"]
[SourceDate "2008.10.17"]
[WhiteTeam "Bremen"]
[BlackTeam "Linex"]

1. d4 d5 2. Nf3 Nf6 3. Bf4 c5 4. c3 Nbd7 5. e3 g6 6. Nbd2 Bg7 7. Be2 O-O 8. h3
a6 9. O-O b6 10. a4 Bb7 11. Ne5 Nxe5 12. Bxe5 Nd7 13. Bxg7 Kxg7 14. a5 b5 15.
dxc5 Nxc5 16. Nb3 Na4 17. Nc5 Nxc5 18. Qd4+ e5 19. Qxc5 Rc8 20. Qb4 Re8 21.
Rad1 Qg5 22. f4 Qg3 23. Rf3 Qh4 24. Rf2 Qg3 25. Rf3 Qh4 26. Rf2 Qg3 1/2-1/2

[Event "24. European Club Cup 2008"]
[Site "Kallithea GRE"]
[Date "2008.10.19"]
[Round "3.6"]
[White "Cabezas Ayala, Ivan"]
[Black "Lichmann, Peter"]
[Result "1-0"]
[WhiteElo "2374"]
[BlackElo "2389"]
[PlyCount "99"]
[EventDate "2008.10.17"]
[EventType "team-swiss"]
[EventRounds "7"]
[EventCountry "GRE"]
[Source "lmi"]
[SourceDate "2008.10.17"]
[WhiteTeam "Linex"]
[BlackTeam "Bremen"]

1. e4 c5 2. Nf3 d6 3. d4 cxd4 4. Nxd4 Nf6 5. Nc3 g6 6. Be2 Bg7 7. O-O O-O 8.
Bg5 Nc6 9. Nb3 Be6 10. Kh1 Rc8 11. f4 Qd7 12. Bf3 h6 13. Bh4 Bc4 14. Re1 e5 15.
Bxf6 Bxf6 16. Bg4 Be6 17. f5 gxf5 18. exf5 Bxf5 19. Bxf5 Qxf5 20. Ne4 Be7 21.
Nxd6 Bxd6 22. Qxd6 Qg6 23. Qxg6+ fxg6 24. Re2 b6 25. c3 Rcd8 26. Nd2 Rd5 27.
Rae1 Rfd8 28. Nf3 Rd1 29. Kg1 Rxe1+ 30. Rxe1 Re8 31. Nd4 Nxd4 32. cxd4 e4 33.
Kf2 Kf7 34. Ke3 Ke6 35. Rc1 Kd6 36. Rf1 Re6 37. Rf8 a5 38. h4 h5 39. Rd8+ Kc7
40. Rg8 Rc6 41. Kxe4 Rc2 42. Rxg6 Rxb2 43. a4 Ra2 44. Kd5 Rxa4 45. Rg7+ Kd8 46.
g4 Rb4 47. gxh5 Ke8 48. h6 Kf8 49. Rg5 Rb5+ 50. Kc4 1-0